Evolución histórica del derecho penal chileno
Đã lưu trong:
| Tác giả chính: | |
|---|---|
| Định dạng: | Sách |
| Ngôn ngữ: | Tiếng Tây Ban Nha |
| Được phát hành: |
Valparaíso
EDEVAL
1991
|
| Loạt: | Elementos, 2
|
| Những chủ đề: | |
| Các nhãn: |
Thêm thẻ
Không có thẻ, Là người đầu tiên thẻ bản ghi này!
|
MARC
| LEADER | 00000nam a2200000 a 4500 | ||
|---|---|---|---|
| 001 | UCV2097 | ||
| 003 | CL-VaPUC | ||
| 008 | 911016e19910000CL |||||||||||||||||spa|d | ||
| 082 | 0 | 4 | |a 345 |b RIV |2 21 |
| 100 | 0 | |a Rivacoba y Rivacoba, Manuel de |e author |9 296330 | |
| 245 | 1 | 0 | |a Evolución histórica del derecho penal chileno |
| 300 | |a 153 p | ||
| 942 | |c BK | ||
| 945 | |d 19911016 00:00:00 | ||
| 260 | |a Valparaíso |b EDEVAL |c 1991 | ||
| 650 | 7 | |a DERECHO PENAL HISTORIA |2 CL-VaPUC |9 257308 | |
| 583 | |a last modification |c 19911016 00:00:00 |k Rodrigo Vera | ||
| 490 | 0 | |a Elementos, 2 | |
| 999 | |c 209781 |d 209779 | ||
| 952 | |0 0 |1 0 |4 0 |6 345_000000000000000_RIV_1991 |7 0 |8 A |9 185526 |a BIBDER |b BIBDER |d 2019-11-14 |i 2530082 |l 9 |m 2 |o 345 RIV 1991 |p 2530082 |r 2024-08-06 |s 2024-08-06 |w 2019-11-14 |y BK |k DER | ||